|
|
|
|
| LEADER |
00000ny a22000003n 4500 |
| 005 |
20110601140757.0 |
| 008 |
030129s2002 sp 000 0 spa c |
| 017 |
|
|
|a D.L. M21674-2002
|
| 020 |
|
|
|a 8484940411
|
| 035 |
|
|
|a 1672
|
| 040 |
|
|
|a UCLM
|d vLex
|
| 040 |
|
|
|a UMA.RE
|d vLex
|
| 080 |
|
|
|a 343.222(460):347.72.036
|
| 080 |
|
|
|a 343.53(460):347.72
|
| 090 |
|
|
|c 413
|d 413
|
| 100 |
1 |
|
|a Neila y Neila, Jos ̌Mara̕
|
| 245 |
1 |
0 |
|a Manual de la responsabilidad penal de los administradores de las sociedades de capital
|h [Recurso electrn̤ico]
|c Jos ̌M Neila Neila
|
| 256 |
|
|
|a Servicio en ln̕ea
|
| 260 |
|
|
|a Madrid :
|b Editoriales de Derecho Reunidas,
|c [2002]
|
| 300 |
|
|
|a 342 p. ;
|b 22 cm
|
| 506 |
1 |
|
|a Contenido solo disponible en los productos indicados
|d vLex Global
|d vLex Global (Academic Edition, excluding Law Schools)
|d vLex Global (U.S. Academic Edition, Law Schools)
|d vLex Global (U.S. Academic Edition, excluding Law Schools)
|d vLex Global (Academic Edition, Law Schools)
|
| 650 |
0 |
7 |
|a Societario
|2 Tesauro vLex
|
| 650 |
0 |
7 |
|a Sociedades
|2 Tesauro vLex
|
| 650 |
0 |
7 |
|a Penal
|2 Tesauro vLex
|
| 650 |
0 |
7 |
|a Derecho de sociedades
|2 Tesauro vLex
|
| 650 |
0 |
7 |
|a Sociedades capitalistas
|2 Tesauro vLex
|
| 650 |
0 |
7 |
|a Obligaciones y responsabilidad de los administradores
|2 Tesauro vLex
|
| 650 |
0 |
7 |
|a Responsabilidad penal
|2 Tesauro vLex
|
| 650 |
0 |
7 |
|a Responsabilidad de los administradores ante terceros
|2 Tesauro vLex
|
| 740 |
0 |
|
|a vLex Libros (Servicios en ln̕ea)
|
| 830 |
|
0 |
|a Monografa̕s (Editoriales de Derecho Reunidas)
|
| 856 |
4 |
0 |
|u http://vlex.com/source/1672
|z Acceso restringido
|
| 942 |
|
|
|c BOOK
|
| 999 |
0 |
|
|a Criminal Law
|b Madrid
|